Pravidlá rozpočtového hospodárenia v príspevkových organizáciách
Príspevkové organizácie nakladajú a hospodária s finančnými prostriedkami, ktoré sú verejnými prostriedkami, tak ako ich definuje zákon č. 523/2004 Z.z. o rozpočtových pravidlách verejnej správy a o zmene a doplnení niektorých zákonov v z.n.p. Ilustračné príklady.
Uložené v:
| Hlavný autor: | |
|---|---|
| Médium: | Kapitola |
| Jazyk: | Slovak |
| Predmet: | |
| Tagy: |
Žiadne tagy, Buďte prvý, kto otaguje tento záznam!
|
MARC
| LEADER | 00000naa a2200000 4500 | ||
|---|---|---|---|
| 001 | 0149041 | ||
| 005 | 20231204111136.4 | ||
| 041 | 0 | |a slo | |
| 044 | |a SK | ||
| 245 | 1 | 0 | |a Pravidlá rozpočtového hospodárenia v príspevkových organizáciách |c Ingrid Veverková |
| 520 | |a Príspevkové organizácie nakladajú a hospodária s finančnými prostriedkami, ktoré sú verejnými prostriedkami, tak ako ich definuje zákon č. 523/2004 Z.z. o rozpočtových pravidlách verejnej správy a o zmene a doplnení niektorých zákonov v z.n.p. Ilustračné príklady. | ||
| 610 | 2 | 0 | |a pravidlá rozpočtové |
| 610 | 2 | 0 | |a organizácie príspevkové |
| 610 | 2 | 0 | |a Slovensko |
| 610 | 2 | 0 | |a financie verejné |
| 610 | 2 | 0 | |a správa verejná |
| 100 | 1 | |a Veverková, Ingrid | |